| 000 | 00954nam a22003377a 4500 | ||
|---|---|---|---|
| 001 | BR2025003840 | ||
| 003 | BR-BrBNA | ||
| 005 | 20251014222012.0 | ||
| 008 | 251014b bl.||||| |||| 00| 0 por d | ||
| 020 | _a85-85562-35-16 | ||
| 040 |
_aBR-BrBNA _bpor |
||
| 041 | _apor | ||
| 072 | _aA50 ; B50 ; M40 ; P01 | ||
| 090 | _aA50 BR2025003840 | ||
| 100 | 0 | _aSouza, José Eduardo Borges de | |
| 245 |
_aBrasil na Antártica: 25 anos de história _bPrograma Antártico Brasileiro - Comissão Interministerial para os Recursos do Mar |
||
| 260 |
_aSão Carlos, SP (Brasil) _bVento Verde _c2008 |
||
| 300 | _a167 p. | ||
| 500 | _a250 illus. | ||
| 650 | _aANTÁRTICA | ||
| 650 | _aESTAÇÃO | ||
| 650 | _aBRASIL | ||
| 650 | _aHISTÓRIA | ||
| 650 | _aPESQUISA | ||
| 650 | _aAMBIENTE MARINHO | ||
| 650 | _aFAUNA BÊNTICA | ||
| 650 | _aFLORA BÊNTICA | ||
| 650 | _aPRESERVAÇÃO DA NATUREZA | ||
| 909 |
_a202510 _bFernando |
||
| 942 | _cBK | ||
| 999 |
_c338679 _d338679 |
||